000 01251nam a2200325 i 4500
001 000027289
003 DO-SdBNP
005 20250925082010.0
007 ta
008 110331s1991 sp a 000 1 spa d
020 _a846040238X
040 _aDO-SdBNP
_bspa
_cBNPHU
_erda
041 _aspa
082 4 _axxxx
_bA773r
_222
100 1 _aArranz Márquez, Luis
_eautor
_4aut.
_938866
245 1 0 _aRepartimientos y encomiendas en la Isla Española :
_b(el repartimiento de Alburquerque de 1514) /
_cLuis Arranz Márquez ; presentación, Manuel A. García Arévalo.
264 4 _aMadrid, España :
_bEdiciones Fundación García Arévalo,
_c©1991.
300 _a640 páginas :
_bilustraciones ;
_c22 cm.
336 _atexto
_btxt
_2rdacontent
337 _asin mediación
_bn
_2rdamedia
338 _avolumen
_bnc
_2rdacarrier
490 0 _aSerie Documental
500 _aIncluye índice onomástico, topográfico y bibliográfico
500 _aIncluye datos biografícos del autor en la solapa de la cubierta.
504 _aIncluye referencias bibliográficas y notas al pie de la página
590 _aInventariado, 2019/ YL
700 1 _aGarcía Arévalo, Manuel A.
_epresentador
_4pr.
_982302
910 _aYLockward
942 _2ddc
_cLBS1
999 _c26781
_d26781